Central Library OPAC University of Rajshahi

Muhammad and his power / (Record no. 30634)

MARC details
000 -LEADER
fixed length control field 00857nam a2200265 a 4500
001 - CONTROL NUMBER
control field 30634
003 - CONTROL NUMBER IDENTIFIER
rucl marc code BD-RjUL
005 - DATE AND TIME OF LATEST TRANSACTION
control field 20211209051608.0
008 - FIXED-LENGTH DATA ELEMENTS--GENERAL INFORMATION
fixed length control field 181210s1901 nyu 000 0 eng
035 ## - SYSTEM CONTROL NUMBER
System control number (BD-RjUL)30720
040 ## - CATALOGING SOURCE
Original cataloging agency DLC
Transcribing agency OCl
Modifying agency WU
-- DLC
-- BD-RjUL
Language of cataloging eng
041 ## - LANGUAGE CODE
Language code of text/sound track or separate title eng
042 ## - AUTHENTICATION CODE
Authentication code premarc
082 ## - DEWEY DECIMAL CLASSIFICATION NUMBER
Edition number 23
Classification number 297.63
Author mark and year JOM 1901
100 1# - MAIN ENTRY--PERSONAL NAME
Personal name Johnstone, P. De Lacy
Fuller form of name (Peirce De Lacy),
Dates associated with a name 1850-
9 (RLIN) 225836
245 00 - TITLE STATEMENT
Title Muhammad and his power /
Statement of responsibility, etc. by P. De Lacy Johnstone.
260 ## - PUBLICATION, DISTRIBUTION, ETC. (IMPRINT)
Place of publication, distribution, etc. New York:
Name of publisher, distributor, etc. C. Scribner's sons,
Date of publication, distribution, etc. 1901.
300 ## - PHYSICAL DESCRIPTION
Pagination xviii, 238 p.
Size 19 cm.
490 0# - SERIES STATEMENT
Series statement The world's epoch-makers
500 ## - GENERAL NOTE
General note "Some leading dates in the history": p. xiii-xiv.
600 00 - SUBJECT ADDED ENTRY--PERSONAL NAME
Personal name Muḥammad,
Titles and other words associated with a name Prophet,
Dates associated with a name -632.
830 ## - SERIES ADDED ENTRY--UNIFORM TITLE
Uniform title The world's epoch-makers
906 ## - LOCAL DATA ELEMENT F, LDF (RLIN)
a 7
b cbc
c oclcrpl
d u
e ncip
f 19
g y-gencatlg
942 ## - ADDED ENTRY ELEMENTS (KOHA)
Source of classification or shelving scheme Dewey Decimal Classification
Koha item type Rare Books
Holdings
Lost status Source of classification or shelving scheme Damaged status Not for loan Collection code Permanent Location Current Location Shelving location Date acquired Total Checkouts Full call number Date last seen Copy number Koha item type
  Dewey Decimal Classification   Not For Loan Rare Books Central Library, University of Rajshahi Central Library, University of Rajshahi Rare Book Section 10/12/2018   RA 297.63 JOM 1901 10/12/2018 C-1 Rare Books